01038cam a2200325 a 45000010008000000030004000080050017000120080041000290100017000700200033000870200027001200200027001470250014001740400019001880430012002070500024002190820022002431000022002652450120002872600042004073000019004495000024004685040041004926500030005336510029005636510030005926510032006227000023006547000035006771522036OSt20200616124737.0900424s1989 ii b 001 0 eng  a 89906374  a8121202736 (set) :cRs360.00 a8121202744 :cRs200.00 a8121202752 :cRs200.00 aI E 61517 aDLCcoclcdDLC aa-ii---00aGN635.I4bT674 1989 a307.140954bRAH/T aRaha, Manis Kumar00aTribal India :bproblem development prospect /cManis Kumar Raha ; associate in editing work Palash Chandra Coomar. aNew Delhi :bGian Pub. House,cc1989. a2 v. ;c23 cm. aContributed papers. aIncludes bibliographical references. 0aRural developmentzIndia. 0aIndiaxScheduled tribes. 0aIndiaxSocial conditions. 0aIndiaxEconomic conditions.1 aRaha, Manis Kumar.1 aCoomar, Palash Chandra,d1956-